000 00527nam a22001817a 4500
008 151002b xxu||||| |||| 00| 0 eng d
020 _a9780205573172
041 0 _aeng
080 _a327
100 1 _aGoldstein, Joshua S.,
245 1 0 _aInternational relations /
_cJoshua S. Goldstein, Jon C. Pevehouse.
250 _a8th ed.
260 _aNew York :
_bLongman Publishers,
_c2008.
300 _axxx, 560 f. :
_bme il.;
_c26 cm.
650 0 _aMarrëdhëniet ndërkombëtare
700 1 _aPevehouse, Jon C.
942 _2udc
_cBK
999 _c1218
_d1218